Catálogo público

Estados inmaduros de los insectos. (Record no. 3263)

MARC details
000 -CABECERA
campo de control de longitud fija 01324cam a22003617a 4500
001 - NÚMERO DE CONTROL
campo de control 000003312
003 - IDENTIFICADOR DEL NÚMERO DE CONTROL
campo de control CHAP
005 - FECHA Y HORA DE LA ÚLTIMA TRANSACCIÓN
campo de control 20220329133210.0
008 - DATOS DE LONGITUD FIJA--INFORMACIÓN GENERAL
campo de control de longitud fija 971013s1988 r 00010 d
010 ## - NÚMERO DE CONTROL DE LA BIBLIOTECA DEL CONGRESO
Número de control de LC 3263
011 ## - ENLACE DEL NUMERO DE CONTROL DE LA BIBLIOTECA DEL CONGRESO [OBSOLETO]
Número de control de LC 4235
035 ## - NÚMERO DE CONTROL DEL SISTEMA
Número de control de sistema 3437
040 ## - FUENTE DE LA CATALOGACIÓN
Centro/agencia transcriptor CHAP
082 04 - NÚMERO DE LA CLASIFICACIÓN DECIMAL DEWEY
Número de clasificación 595.701
Número de documento/Ítem E6
100 00 - ENTRADA PRINCIPAL--NOMBRE DE PERSONA
Nombre de persona Equihua Martínez, Armando.
9 (RLIN) 37254
245 10 - MENCIÓN DE TÍTULO
Título Estados inmaduros de los insectos.
260 ## - PUBLICACIÓN, DISTRIBUCIÓN, ETC.
Lugar de publicación, distribución, etc. Chapingo, Méx. :
Nombre del editor, distribuidor, etc. CP. Centro de Entomología y Acarología,
Fecha de publicación, distribución, etc. [1988?].
300 ## - DESCRIPCIÓN FÍSICA
Extensión 299 p. :
Otras características físicas : ilus.
590 ## - NOTA LOCAL (RLIN)
Nota local BATCH-UPD
Procedencia (VM) [OBSOLETO] 10
Condición del los carretes individuales (VM) [OBSOLETO] 20130110
-- UCH01
-- 1925
590 ## - NOTA LOCAL (RLIN)
Nota local BATCH-UPD
Procedencia (VM) [OBSOLETO] 10
Condición del los carretes individuales (VM) [OBSOLETO] 20130410
-- UCH01
-- 1250
590 ## - NOTA LOCAL (RLIN)
Nota local BATCH-UPD
Procedencia (VM) [OBSOLETO] 10
Condición del los carretes individuales (VM) [OBSOLETO] 20130914
-- UCH01
-- 1006
590 ## - NOTA LOCAL (RLIN)
Nota local CONVERSION
Procedencia (VM) [OBSOLETO] 10
Condición del los carretes individuales (VM) [OBSOLETO] 20130109
-- UCH01
-- 1303
590 ## - NOTA LOCAL (RLIN)
Nota local E5995AHE
Procedencia (VM) [OBSOLETO] 05
Condición del los carretes individuales (VM) [OBSOLETO] 20150225
-- UCH01
-- 0935
650 14 - PUNTO DE ACCESO ADICIONAL DE MATERIA--TÉRMINO DE MATERIA
Término de materia o nombre geográfico como elemento de entrada Insectos
Subdivisión general Anatomía y fisiología.
9 (RLIN) 58891
700 0# - PUNTO DE ACCESO ADICIONAL--NOMBRE DE PERSONA
Nombre de persona Anaya Rosales, Socorro.
9 (RLIN) 5512
710 0# - PUNTO DE ACCESO ADICIONAL--NOMBRE DE ENTIDAD CORPORATIVA
Nombre de entidad corporativa o nombre de jurisdicción como elemento de entrada Colegio de Postgraduados. Chapingo, Méx. Centro de Entomología y Acarología.
9 (RLIN) 25077
901 ## - ELEMENTOS DE DATOS A LOCAL LDA (RLIN)
a BK
942 ## - ELEMENTOS DE PUNTO DE ACCESO ADICIONAL (KOHA)
Tipo de ítem Koha Libro
942 ## - ELEMENTOS DE PUNTO DE ACCESO ADICIONAL (KOHA)
Suprimir en OPAC 0
949 ## - PROCESAMIENTO DE INFORMACIÓN LOCAL (OCLC)
a 595.701 E6
b BC
c LIBRO
d 33724000374294
e LIBRO
f c.2
g I. c/e
h 79472
i 3437
s i
t 16.00
949 ## - PROCESAMIENTO DE INFORMACIÓN LOCAL (OCLC)
a 595.701 E6
b BC
c LIBRO
d 33724000827598
e LIBRO
f c.3
g I. c/e
h 79473
i 3437
s i
t 16.00
949 ## - PROCESAMIENTO DE INFORMACIÓN LOCAL (OCLC)
a 595.701 E6
b BC
c UACH
d 33724000374401
e UACH
g I. c/e
h 79471
i 3437
s i
t 16.00
Holdings
Estado de retiro Estado de pérdida Fuente del sistema de clasificación o colocación Estado dañado Restricciones de uso No para préstamo Código de colección Localización permanente Ubicación/localización actual Ubicación en estantería Fecha de adquisición Fuente de adquisición Total de préstamos Signatura topográfica completa Código de barras Fecha visto por última vez Fecha del último préstamo Número de copia Precio válido a partir de Tipo de ítem Koha Información codificada de la localización en otra ubicación
    Dewey Decimal Classification   Préstamo 15 días   General Biblioteca Central Biblioteca Central Planta alta - Colección General 31/12/2019 I. c/e 2 595.701 E6 33724002568876 14/03/2023 02/02/2023 c.2 31/12/2019 Libro  
    Dewey Decimal Classification   Préstamo 15 días   General Biblioteca Central Biblioteca Central Planta alta - Colección General 31/12/2019 I. c/e 1 595.701 E6 33724000827598 03/03/2023 02/02/2023 c.3 31/12/2019 Libro LIBRO
        Préstamo interno   Publicaciones UACh Biblioteca Central Biblioteca Central Planta alta - Área de Tesis - UACh 31/12/2019 I. c/e   595.701 E6 33724000374401 31/12/2019     31/12/2019 Libro LIBRO